000 00344cam a22001337a 4500
008 180718b1961 xxu||||| |||| 00| 0 eng d
082 _aA6x561 L585e
100 _aLewis, Bernard
245 _aThe emergence of modern Turkey
_cby Bernard Lewis
260 _aLondon
_bOUP
_c1961
300 _a511p.
500 _a48/-
650 _aTurkey - History
999 _c480385
_d480385